000155483 001__ 155483
000155483 005__ 20250516084504.0
000155483 037__ $$aTAZ-TFG-2022-4194
000155483 041__ $$aspa
000155483 1001_ $$aFérriz Marín, Jorge
000155483 24200 $$aMathematic problems resolution
000155483 24500 $$aResolución de problemas matemáticos
000155483 260__ $$aZaragoza$$bUniversidad de Zaragoza$$c2022
000155483 506__ $$aby-nc-sa$$bCreative Commons$$c3.0$$uhttp://creativecommons.org/licenses/by-nc-sa/3.0/
000155483 520__ $$aTras una revisión de la relación entre la evolución de las Matemáticas y su relación con la evolución el aprendizaje de las mismas, todo ello desde el punto de vista de la Resolución de Problemas, este trabajo plantea una propuesta de intervención educativa para trabajar dicho tema con el objetivo de que los alumnos mejoren y desarrollen sus capacidades para la resolución de problemas.<br /><br />
000155483 521__ $$aGraduado en Magisterio en Educación Primaria
000155483 540__ $$aDerechos regulados por licencia Creative Commons
000155483 700__ $$aSoguero Pamplona, Carmen$$edir.
000155483 700__ $$aSolana Bergua, Tomás$$edir.
000155483 7102_ $$aUniversidad de Zaragoza$$bMatemáticas$$cDidáctica de la Matemática
000155483 8560_ $$f780619@unizar.es
000155483 8564_ $$s1248427$$uhttps://zaguan.unizar.es/record/155483/files/TAZ-TFG-2022-4194.pdf$$yMemoria (spa)
000155483 909CO $$ooai:zaguan.unizar.es:155483$$pdriver$$ptrabajos-fin-grado
000155483 950__ $$a
000155483 951__ $$adeposita:2025-05-16
000155483 980__ $$aTAZ$$bTFG$$cFCSH
000155483 999__ $$a20221104235312.CREATION_DATE